| 000 | 00516nam a22001577a 4500 | ||
|---|---|---|---|
| 008 | 161005b xxu||||| |||| 00| 0 eng d | ||
| 020 | _a1578868513 | ||
| 040 |
_aKABU _cKABU |
||
| 050 |
_aMT3 _b.U5M37 2008 C.1 |
||
| 100 | _aMark, Michael L. | ||
| 245 |
_aA concise history of American music education _cby Michael L. Mark |
||
| 260 |
_aUSA _bMENC _c2008 |
||
| 300 | _av, 177 p. | ||
| 650 |
_2Music _vInstruction and study _xHistory _zUnited States |
||
| 942 |
_2lcc _cBK _hMT3 .U5M37 2008 C.1 |
||
| 999 |
_c16135 _d16135 |
||